000 00477nam a2200181Ia 4500
001 19940
005 20260306172729.0
008 260306t2005||||xx |||||||||||||| ||spa||
041 _aESP
082 _a341.52
_bB26
100 _aBastit, Michel
_eAUT
245 0 _aEl nacimiento de la ley moderna:
_bel pensamiento de la ley de Santo Tomás a Suárez
260 _c2005
300 _a429 páginas :
_c23 cm.
650 _aGEN
654 _aCDE
942 _cLIB
_dJUS
_fJUS
_2ddc
_n
999 _c19940
_d19940